000 00251nam a2200097Ia 4500
001 641883
005 20250826153516.0
008 250824s9999 xx 000 0 und d
245 0 _aAfetler Orman Yangınları
_cPaul Mason
260 _bTÜBİTAK YAYINLARI
999 _c641883
_d641883